000 00796nam a22002297a 4500
005 20240530110446.0
008 150428s2009 ua g 000 0dara d
017 _a2009/3618
_bمصر . دار الكتب المصرية
020 _a9789774207166
040 _aEG-CaGPL
082 0 4 _221
_a816.05\
_bم أ
100 0 _aمحمد الجوادى
245 1 0 _aاوهام الحب :
_bدراسة فى عواطف الانثى :
_cمحمد الجوادى
250 _aط3
260 _aالقاهرة :
_bالهيئة المصرية العامة للكتاب ،
_c2009 .
300 _a287 ص ؛
_c24 سم .
651 0 4 _aالرسائل فى الادب
651 0 4 _aالرسائل الغرامية
651 0 4 _aالحب
942 _2ddc
_cBK
999 _c61154
_d61154